000 00918nam a22002777a 4500
005 2011080406576.0
008 090728t xxu||||| |||| 00| 0 pun d
010 _aPUN-6932
020 _c125.00
_a9788171165629
035 _aPN-6050
037 _bDBAD / PUB
040 _adpl
_bpn
082 _a852
100 _924414
_aਵਰਿਆਮ ਮਸਤ
245 _aਭਬੱਕਾ /
_cਵਰਿਆਮ ਮਸਤ
246 _aBhabaka
_bby Waryam Mast
260 _aDelhi
_bNational Book Shop
_c2011
270 _aPleasure Garden Market, Chandni chowk
_bDelhi
_e110 006
_k011-23264342
300 4 _a64 ਸਫੇ
_c22ਸੇਮੀ (ਸਜਿਲੱਦ)
600 _931401
650 _924412
650 _924431
700 _931690
942 _2ddc
_cPN
_h852
_mਵਰਿਆ
999 _c55051
_d55051